[Event "Kurgan"]
[Site "Kurgan"]
[Date "2001.??.??"]
[Round "?"]
[White "Obukhov, Alexander"]
[Black "Balashov, Yuri S"]
[Result "0-1"]
[WhiteElo "2436"]
[BlackElo "2555"]
[PlyCount "80"]
[EventDate "2001.??.??"]
[EventType "tourn"]
[EventRounds "11"]
[EventCountry "RUS"]
[EventCategory "7"]
[SourceTitle "EXT 2006"]
[Source "ChessBase"]
[SourceDate "2005.11.24"]
[SourceVersion "1"]
[SourceVersionDate "2005.11.24"]
[SourceQuality "1"]

1. Nf3 Nf6 2. g3 d5 3. Bg2 c6 4. O-O Bf5 5. c4 e6 6. cxd5 exd5 7. d3 Be7 8. Nd4
Bg6 9. Nc3 Bc5 10. Nb3 Bb6 11. e4 dxe4 12. dxe4 O-O 13. Bf4 Nbd7 14. Kh1 Re8
15. f3 Ne5 16. Na4 Bc7 17. Qxd8 Raxd8 18. Rfd1 Nfd7 19. Nac5 Nxc5 20. Nxc5 b6
21. Na6 Bd6 22. b4 f6 23. Bf1 Bf7 24. h4 h6 25. g4 Nd3 26. Be3 Be5 27. Rab1 Bc4
28. f4 Bxf4 29. Bxd3 Bxd3 30. Bxf4 Bxe4+ 31. Kg1 Bxb1 32. Rxb1 Re4 33. Bg3 Rxg4
34. Kf2 Rd3 35. Bb8 Rxh4 36. a4 Ra3 37. a5 bxa5 38. bxa5 Rxa5 39. Bg3 Ra2+ 40.
Kf3 Ra3+ 0-1

[Event "Kurgan"]
[Site "Kurgan"]
[Date "2001.??.??"]
[Round "?"]
[White "Pospelov, Evgeny"]
[Black "Balashov, Yuri S"]
[Result "0-1"]
[WhiteElo "2322"]
[BlackElo "2555"]
[PlyCount "132"]
[EventDate "2001.??.??"]
[EventType "tourn"]
[EventRounds "11"]
[EventCountry "RUS"]
[EventCategory "7"]
[SourceTitle "EXT 2006"]
[Source "ChessBase"]
[SourceDate "2005.11.24"]
[SourceVersion "1"]
[SourceVersionDate "2005.11.24"]
[SourceQuality "1"]

1. d4 Nf6 2. c4 e6 3. Nf3 d5 4. Nc3 Be7 5. Bg5 O-O 6. e3 Nbd7 7. Rc1 a6 8. Be2
dxc4 9. Bxc4 b5 10. Be2 Bb7 11. O-O Rc8 12. a4 b4 13. Nb1 c5 14. Nbd2 cxd4 15.
Rxc8 Qxc8 16. Nxd4 Qc5 17. Bh4 Rc8 18. N2b3 Qb6 19. Bf3 Bxf3 20. Qxf3 Ne5 21.
Qe2 Ng6 22. Bg3 Ne4 23. Rc1 Rxc1+ 24. Nxc1 e5 25. Nf5 Qc6 26. Nxe7+ Nxe7 27.
Qd1 f6 28. Nd3 Qd5 29. Qe2 Qc4 30. Qd1 Nd5 31. Nc1 h6 32. Nb3 Kh8 33. Na5 Qc7
34. Nb3 Nb6 35. a5 Na4 36. Qe2 Nac5 37. Qc2 Qd6 38. f3 Nxb3 39. Qxb3 Nxg3 40.
hxg3 Qc5 41. Qa4 Qxe3+ 42. Kh2 Qc5 43. Qd7 Kh7 44. Qd8 Qc4 45. Qb6 b3 46. Qb7
h5 47. Qb8 Qc2 48. Qe8 Qf5 49. Qf7 e4 50. fxe4 Qxa5 51. Qxb3 Qe5 52. Qf3 Kg8
53. Qf5 Kf7 54. Kh3 Qe6 55. g4 hxg4+ 56. Kxg4 g6 57. Qxe6+ Kxe6 58. Kf4 Kd6 59.
g4 a5 60. g5 Ke6 61. gxf6 Kxf6 62. b3 Ke6 63. Ke3 Ke5 64. Kf3 g5 65. Ke3 g4 66.
Kd3 Kf4 0-1

[Event "RUS-Cup"]
[Site "Tula"]
[Date "2001.??.??"]
[Round "5"]
[White "Balashov, Yuri S"]
[Black "Fomin, Andrey"]
[Result "1-0"]
[WhiteElo "2580"]
[BlackElo "2349"]
[PlyCount "87"]
[EventDate "2001.??.??"]
[EventType "swiss"]
[EventRounds "9"]
[EventCountry "RUS"]
[SourceTitle "EXT 2002"]
[Source "ChessBase"]
[SourceDate "2001.11.25"]
[SourceVersion "1"]
[SourceVersionDate "2001.11.25"]
[SourceQuality "1"]

1. e4 c6 2. c4 d5 3. exd5 cxd5 4. cxd5 Nf6 5. Nc3 Nxd5 6. Nf3 e6 7. d4 Be7 8.
Bd3 O-O 9. O-O Nc6 10. Re1 Nf6 11. a3 h6 12. Bc2 Re8 13. Qd3 Bf8 14. d5 Ne7 15.
dxe6 Bxe6 16. Nd4 Bg4 17. Bf4 Ng6 18. Bg3 Bc5 19. Nb3 Bb6 20. Qxd8 Raxd8 21.
Na4 Bd4 22. Rxe8+ Nxe8 23. h3 Be2 24. Nxd4 Rxd4 25. Nc3 Bc4 26. Re1 Kf8 27. b3
Bd5 28. Nxd5 Rxd5 29. Bb8 a6 30. Be4 Rd7 31. Rc1 Ne7 32. b4 f5 33. Bb1 Rd2 34.
Ba7 g5 35. Be3 Rd7 36. Bc5 Ng7 37. Ba2 Ke8 38. Re1 Kd8 39. a4 Nd5 40. a5 Kc7
41. Bc4 Kc6 42. Re5 Nc3 43. Bf8 b5 44. axb6 1-0

[Event "Staufer op 13th"]
[Site "Schwaebisch Gmuend"]
[Date "2001.??.??"]
[Round "7"]
[White "Balashov, Yuri S"]
[Black "Jurek, Josef"]
[Result "1-0"]
[WhiteElo "2580"]
[BlackElo "2367"]
[PlyCount "53"]
[EventDate "2001.01.??"]
[EventType "swiss"]
[EventRounds "9"]
[EventCountry "GER"]
[SourceTitle "CBM 080 Extra"]
[Source "ChessBase"]
[SourceDate "2001.03.08"]
[SourceVersion "1"]
[SourceVersionDate "2001.03.08"]
[SourceQuality "1"]

1. e4 e6 2. d4 d5 3. e5 c5 4. c3 Nc6 5. Nf3 Bd7 6. Be2 Nge7 7. Na3 cxd4 8. cxd4
Nf5 9. Nc2 Nb4 10. Ne3 Rc8 11. O-O Nxe3 12. fxe3 Be7 13. a3 Nc6 14. b4 a6 15.
Bd2 O-O 16. Bd3 f5 17. exf6 Bxf6 18. Qb1 g6 19. Qb3 Ne7 20. e4 Bb5 21. Bxb5
axb5 22. Bh6 Bg7 23. Bxg7 Kxg7 24. Ng5 Qb6 25. Qh3 h6 26. Nxe6+ Kh7 27. Rxf8
1-0

[Event "RUS-ch 54th"]
[Site "Elista"]
[Date "2001.05.04"]
[Round "5"]
[White "Balashov, Yuri S"]
[Black "Korobov, Ilya"]
[Result "1-0"]
[WhiteElo "2581"]
[BlackElo "2347"]
[PlyCount "89"]
[EventDate "2001.04.29"]
[EventType "swiss"]
[EventRounds "9"]
[EventCountry "RUS"]
[SourceTitle "CBM 083"]
[Source "ChessBase"]
[SourceDate "2001.07.05"]
[SourceVersion "1"]
[SourceVersionDate "2001.07.05"]
[SourceQuality "1"]

1. e4 c5 2. b3 Nc6 3. Bb2 e5 4. Bc4 Nf6 5. Nc3 Be7 6. d3 O-O 7. Nge2 a6 8. a4
Rb8 9. O-O Nh5 10. Nd5 b5 11. axb5 axb5 12. Bxb5 Rxb5 13. Nec3 Rb8 14. Qxh5 d6
15. f4 g6 16. Qh6 f6 17. Rf2 Be6 18. Raf1 Nb4 19. Ne3 Bf7 20. Ng4 Be6 21. Qh3
Kh8 22. Qg3 Nc6 23. Nd1 Nd4 24. fxe5 dxe5 25. Kh1 Rb6 26. Bc1 Kg8 27. Bh6 Rf7
28. Nc3 Ra6 29. Ne3 Bf8 30. Bxf8 Qxf8 31. Qh4 f5 32. Nc4 Bxc4 33. bxc4 f4 34.
Nd5 Ne6 35. g3 g5 36. Qh5 Kh8 37. gxf4 exf4 38. Rb1 Rg7 39. c3 Ra8 40. Rb6 Ra1+
41. Kg2 f3+ 42. Rxf3 Nf4+ 43. Nxf4 gxf4+ 44. Kh3 Rh1 45. Re6 1-0

[Event "RUS-chT 08th Group1"]
[Site "Tomsk"]
[Date "2001.05.13"]
[Round "1"]
[White "Balashov, Yuri S"]
[Black "Labunskiy, Dmitry"]
[Result "1-0"]
[WhiteElo "2581"]
[BlackElo "2424"]
[PlyCount "47"]
[EventDate "2001.05.13"]
[EventType "team-tourn"]
[EventRounds "5"]
[EventCountry "RUS"]
[SourceTitle "EXT 2020"]
[Source "ChessBase"]
[SourceDate "2019.10.17"]
[SourceVersion "1"]
[SourceVersionDate "2019.10.17"]
[SourceQuality "1"]
[WhiteTeam "Novokuznetsk"]
[BlackTeam "Khabarovsk Lokomotiv"]
[WhiteTeamCountry "RUS"]
[BlackTeamCountry "RUS"]

1. e4 c5 2. b3 Nf6 3. e5 Nd5 4. Bb2 Nc6 5. Nf3 Nf4 6. g3 Ne6 7. Bg2 g6 8. O-O
Bg7 9. Re1 O-O 10. d3 b6 11. c3 Bb7 12. a3 d5 13. d4 Rc8 14. h4 Na5 15. Nbd2
cxd4 16. cxd4 Ba6 17. Nf1 Bxf1 18. Bxf1 Bh6 19. Nh2 Qd7 20. Ng4 Bg7 21. Ne3
Rfd8 22. Qd3 h5 23. Bg2 Bh6 24. Nxd5 1-0

[Event "RUS-chT 08th Group1"]
[Site "Tomsk"]
[Date "2001.05.15"]
[Round "3"]
[White "Petukhov, Valery"]
[Black "Balashov, Yuri S"]
[Result "0-1"]
[WhiteElo "2497"]
[BlackElo "2581"]
[PlyCount "98"]
[EventDate "2001.05.13"]
[EventType "team-tourn"]
[EventRounds "5"]
[EventCountry "RUS"]
[SourceTitle "EXT 2020"]
[Source "ChessBase"]
[SourceDate "2019.10.17"]
[SourceVersion "1"]
[SourceVersionDate "2019.10.17"]
[SourceQuality "1"]
[WhiteTeam "Vladivostok Debiut-DVGU"]
[BlackTeam "Novokuznetsk"]
[WhiteTeamCountry "RUS"]
[BlackTeamCountry "RUS"]

1. c4 Nf6 2. Nf3 e6 3. Nc3 d5 4. cxd5 exd5 5. d4 c6 6. a3 Bf5 7. Bg5 Nbd7 8. e3
Be7 9. Bd3 Ne4 10. Bxe7 Qxe7 11. Qc2 Bg6 12. O-O O-O 13. Rae1 f5 14. Nd2 Rae8
15. f3 Nd6 16. b3 Rf6 17. Re2 Re6 18. Rfe1 Qf6 19. Nf1 f4 20. Bxg6 hxg6 21. Qd3
Nf5 22. exf4 Qxd4+ 23. Qxd4 Nxd4 24. Rxe6 Rxe6 25. Rxe6 Nxe6 26. g3 Nd4 27. Nd2
Nc5 28. b4 Nd3 29. Kf1 b5 30. Ne2 Nc2 31. Nb1 d4 32. g4 Kf7 33. h4 Ke6 34. Kg2
Nb2 35. Ng3 Nc4 36. Kf2 N2e3 37. Ke2 Kd5 38. h5 Ng2 39. hxg6 Nxf4+ 40. Kf2 Ne5
41. Nf5 Ne6 42. Ne7+ Kc4 43. Nd2+ Kd3 44. Nf1 c5 45. bxc5 Nxc5 46. Nf5 Ne6 47.
N1g3 a5 48. Ne4 b4 49. axb4 axb4 0-1

[Event "Oberliga NRW 0102 II"]
[Site "Germany"]
[Date "2001.10.21"]
[Round "2.1"]
[White "Matthias, Heiner"]
[Black "Balashov, Yuri S"]
[Result "0-1"]
[WhiteElo "2390"]
[BlackElo "2555"]
[PlyCount "104"]
[EventDate "2001.10.??"]
[EventType "team"]
[EventRounds "9"]
[EventCountry "GER"]
[SourceTitle "EXT 2004"]
[Source "ChessBase"]
[SourceDate "2003.11.25"]
[SourceVersion "1"]
[SourceVersionDate "2003.11.25"]
[SourceQuality "1"]
[WhiteTeam "Lippstadt"]
[BlackTeam "Plettenberg"]
[WhiteTeamCountry "GER"]
[BlackTeamCountry "GER"]

1. e4 e5 2. Nf3 Nc6 3. Bb5 a6 4. Ba4 Nf6 5. d3 d6 6. c3 Bd7 7. Nbd2 g6 8. Nf1
Bg7 9. Bg5 h6 10. Bh4 Ne7 11. Bb3 g5 12. Bg3 Ng6 13. Ne3 Nf4 14. h4 g4 15. Nh2
h5 16. O-O Bh6 17. Re1 Kf8 18. Nhf1 Qe7 19. d4 Rd8 20. Qc2 Bc8 21. Rad1 Kg7 22.
Bh2 Ng6 23. Bg3 Nf4 24. a4 c6 25. Nc4 Rhe8 26. Nb6 Ng6 27. Nxc8 Rxc8 28. Ne3
Bxe3 29. Rxe3 b5 30. axb5 axb5 31. f3 c5 32. dxc5 dxc5 33. Bd5 c4 34. Qf2 Nf4
35. Qc2 Qc5 36. Qf2 Nd3 37. Rexd3 cxd3 38. Rxd3 Qxf2+ 39. Kxf2 Rcd8 40. Ke3
Nxd5+ 41. exd5 f5 42. f4 exf4+ 43. Kxf4 Kf6 44. Rd4 Rxd5 45. Bf2 Rxd4+ 46.
Bxd4+ Kg6 47. Be5 Re6 48. b3 Re8 49. c4 Re6 50. Bd4 Re4+ 51. Kg3 f4+ 52. Kf2
Rxd4 0-1

[Event "RUS-chT Sibirian Zone"]
[Site "Omsk"]
[Date "2001.10.08"]
[Round "4"]
[White "Balashov, Yuri S"]
[Black "Arishin, Sergei"]
[Result "1-0"]
[WhiteElo "2555"]
[BlackElo "2318"]
[PlyCount "83"]
[EventDate "2001.10.05"]
[EventType "team-tourn"]
[EventRounds "9"]
[EventCountry "RUS"]
[SourceTitle "EXT 2002"]
[Source "ChessBase"]
[SourceDate "2001.11.25"]
[SourceVersion "1"]
[SourceVersionDate "2001.11.25"]
[SourceQuality "1"]

1. e4 e6 2. d4 d5 3. Nc3 Nf6 4. Bg5 Be7 5. e5 Nfd7 6. Bxe7 Qxe7 7. f4 O-O 8.
Nf3 c5 9. Qd2 Nc6 10. dxc5 f6 11. exf6 Qxf6 12. g3 Nxc5 13. O-O-O Rd8 14. Bb5
Ne4 15. Qe3 Nxc3 16. Qxc3 Ne7 17. Rhe1 a6 18. Bd3 h6 19. Nd4 Kf7 20. Qc7 Bd7
21. Qxb7 a5 22. Qc7 Rab8 23. Qe5 Rb7 24. Bf1 Nc6 25. Nxc6 Bxc6 26. Bh3 Re8 27.
Rd3 Qxe5 28. Rxe5 g6 29. Rde3 Bd7 30. Bf1 Reb8 31. b3 Rc7 32. h4 Rg8 33. Bd3
Bc8 34. h5 gxh5 35. Rxh5 Kg7 36. g4 Rf8 37. f5 exf5 38. gxf5 Rf6 39. Rg3+ Kf8
40. Rg6 Rxg6 41. fxg6 Kg7 42. Rxd5 1-0

[Event "Chigorin Memorial 09th"]
[Site "St Petersburg"]
[Date "2001.10.31"]
[Round "6"]
[White "Ambrus, Endre"]
[Black "Balashov, Yuri S"]
[Result "0-1"]
[WhiteElo "2400"]
[BlackElo "2555"]
[PlyCount "58"]
[EventDate "2001.10.26"]
[EventType "swiss"]
[EventRounds "9"]
[EventCountry "RUS"]
[SourceTitle "EXT 2002"]
[Source "ChessBase"]
[SourceDate "2001.11.25"]
[SourceVersion "1"]
[SourceVersionDate "2001.11.25"]
[SourceQuality "1"]

1. a3 c5 2. c4 g6 3. b4 Bg7 4. Ra2 d6 5. Nf3 Nf6 6. e3 O-O 7. Be2 Nc6 8. b5 Na5
9. d4 a6 10. Nc3 cxd4 11. exd4 Qc7 12. Bg5 Nxc4 13. O-O Ne3 14. Bxe3 Qxc3 15.
d5 axb5 16. Bd2 Qc5 17. Bb4 Qxd5 18. Rd2 Qh5 19. h3 Bd7 20. Nd4 Qh4 21. Bf3
Rab8 22. Re1 Rfe8 23. Rd3 Bf8 24. Bd2 e5 25. g3 Qxh3 26. Bg2 Qh5 27. Ne2 Bc6
28. f3 d5 29. Qc1 Qf5 0-1

[Event "Geller Memorial op"]
[Site "Moscow"]
[Date "2001.??.??"]
[Round "5"]
[White "Balashov, Yuri S"]
[Black "Kravtsov, Sergey"]
[Result "1-0"]
[WhiteElo "2580"]
[BlackElo "2406"]
[PlyCount "71"]
[EventDate "2001.10.26"]
[EventType "swiss"]
[EventRounds "9"]
[EventCountry "RUS"]
[SourceTitle "EXT 2002"]
[Source "ChessBase"]
[SourceDate "2001.11.25"]
[SourceVersion "1"]
[SourceVersionDate "2001.11.25"]
[SourceQuality "1"]

1. e4 Nf6 2. e5 Nd5 3. d4 d6 4. f4 Bf5 5. Nf3 e6 6. Bd3 Ne7 7. O-O d5 8. Be3
Nd7 9. Nc3 Bxd3 10. Qxd3 h5 11. Bf2 g6 12. Bh4 Qc8 13. Bxe7 Bxe7 14. Nd1 c5 15.
c3 cxd4 16. cxd4 Nb8 17. Ne3 Nc6 18. Rac1 Qd7 19. a3 Bd8 20. Rc2 Rc8 21. Rfc1
Ne7 22. Nxd5 exd5 23. Rxc8 Nxc8 24. e6 Qxe6 25. Re1 Qxe1+ 26. Nxe1 O-O 27. f5
Kg7 28. fxg6 fxg6 29. Nf3 Nd6 30. Ne5 Ne4 31. Qb5 Bb6 32. Qxd5 Nd2 33. Qd7+ Kh6
34. Nf7+ Kg7 35. Ng5+ Kh6 36. h4 1-0

[Event "Geller Memorial op"]
[Site "Moscow"]
[Date "2001.??.??"]
[Round "6"]
[White "Virovlansky, Semen"]
[Black "Balashov, Yuri S"]
[Result "0-1"]
[WhiteElo "2453"]
[BlackElo "2580"]
[PlyCount "56"]
[EventDate "2001.10.26"]
[EventType "swiss"]
[EventRounds "9"]
[EventCountry "RUS"]
[SourceTitle "EXT 2002"]
[Source "ChessBase"]
[SourceDate "2001.11.25"]
[SourceVersion "1"]
[SourceVersionDate "2001.11.25"]
[SourceQuality "1"]

1. d4 Nf6 2. c4 e6 3. Nf3 b6 4. Nc3 Bb4 5. Qb3 a5 6. Bg5 Bb7 7. e3 d6 8. Be2
Nbd7 9. a3 Bxc3+ 10. Qxc3 a4 11. Qc2 Ra5 12. Bh4 Qa8 13. O-O-O O-O 14. Rhg1 Rc8
15. Bg3 d5 16. Kb1 c5 17. Ne5 dxc4 18. Bf3 b5 19. Nxd7 Nxd7 20. Qd2 Ra7 21.
Bxb7 Qxb7 22. dxc5 h6 23. Bd6 Nxc5 24. Bxc5 Rxc5 25. Qd6 Qe4+ 26. Ka1 Rac7 27.
Rd4 Qb7 28. Rc1 Qxg2 0-1

[Event "Geller Memorial op"]
[Site "Moscow"]
[Date "2001.??.??"]
[Round "7"]
[White "Balashov, Yuri S"]
[Black "Eliseev, Alexey"]
[Result "1-0"]
[WhiteElo "2580"]
[BlackElo "2454"]
[PlyCount "103"]
[EventDate "2001.10.26"]
[EventType "swiss"]
[EventRounds "9"]
[EventCountry "RUS"]
[SourceTitle "EXT 2002"]
[Source "ChessBase"]
[SourceDate "2001.11.25"]
[SourceVersion "1"]
[SourceVersionDate "2001.11.25"]
[SourceQuality "1"]

1. e4 g6 2. d4 Bg7 3. Nf3 c6 4. c3 d5 5. Nbd2 Nh6 6. Bd3 O-O 7. O-O f6 8. Re1
Nf7 9. c4 Na6 10. a3 Nc7 11. b4 Re8 12. Bb2 Ne6 13. Bf1 Nf4 14. Qb3 g5 15. cxd5
cxd5 16. exd5 g4 17. Nh4 Qxd5 18. Qxd5 Nxd5 19. Bc4 Nb6 20. Bb3 f5 21. a4 Bd7
22. a5 Nc8 23. Nc4 Ncd6 24. Ne5 Bc8 25. f3 Bf6 26. g3 Kg7 27. f4 Nh8 28. Ng2
Ng6 29. Ne3 Nf8 30. Rac1 Be6 31. d5 Bd7 32. Rc7 Rac8 33. Rec1 Rxc7 34. Rxc7 Rc8
35. Rxc8 Bxc8 36. Bd4 a6 37. Bc5 Ng6 38. N5c4 Nxc4 39. Nxc4 Bd7 40. Nb6 Nf8 41.
Bc4 Kf7 42. Kf2 h5 43. Ke3 h4 44. Bd3 Kg6 45. Bd4 h3 46. Bxf6 Kxf6 47. Kd4 Be8
48. Nc4 Ba4 49. Ne5 e6 50. d6 Nd7 51. b5 Nb8 52. Kc5 1-0

[Event "Tula Suetin Memorial op"]
[Site "Tula"]
[Date "2002.03.25"]
[Round "3"]
[White "Balashov, Yuri S"]
[Black "Saulin, Dmitri"]
[Result "1-0"]
[WhiteElo "2545"]
[BlackElo "2450"]
[PlyCount "85"]
[EventDate "2002.03.23"]
[EventType "swiss"]
[EventRounds "9"]
[EventCountry "RUS"]
[SourceTitle "CBM 087 Extra"]
[Source "ChessBase"]
[SourceDate "2002.05.03"]
[SourceVersion "2"]
[SourceVersionDate "2002.08.09"]
[SourceQuality "1"]

1. e4 d6 2. Nc3 Nf6 3. f4 g6 4. Nf3 Bg7 5. d4 c5 6. dxc5 Qa5 7. Bd3 Qxc5 8. Qe2
Nc6 9. Be3 Qa5 10. O-O Bg4 11. a3 Nd7 12. Qe1 Rc8 13. Kh1 Bxf3 14. Rxf3 Nd4 15.
Rh3 Ne6 16. Bd2 Bxc3 17. bxc3 Nec5 18. c4 Qc7 19. Rh6 Na4 20. Qh4 Nf8 21. Re1
Rg8 22. e5 Nc5 23. exd6 Qxd6 24. f5 f6 25. Bf4 Qd7 26. Rxh7 g5 27. Qh5+ Kd8 28.
Qf7 Nxh7 29. Qxg8+ Qe8 30. Qxe8+ Kxe8 31. Be3 Kd7 32. Be2 b6 33. Bf3 Nf8 34.
Bd5 Ke8 35. Bd4 Nfd7 36. g4 Kf8 37. Kg2 Nb8 38. Kg3 Nc6 39. c3 Na5 40. h4 gxh4+
41. Kxh4 Na4 42. g5 fxg5+ 43. Kxg5 1-0

[Event "RUS-ch"]
[Site "Krasnodar"]
[Date "2002.08.28"]
[Round "2"]
[White "Balashov, Yuri S"]
[Black "Pridorozhni, Aleksei"]
[Result "1-0"]
[WhiteElo "2526"]
[BlackElo "2453"]
[PlyCount "111"]
[EventDate "2002.08.27"]
[EventType "swiss"]
[EventRounds "9"]
[EventCountry "RUS"]
[SourceTitle "CBM 091"]
[Source "ChessBase"]
[SourceDate "2002.11.12"]
[SourceVersion "1"]
[SourceVersionDate "2002.11.12"]
[SourceQuality "1"]

1. Nf3 d5 2. b4 c6 3. e3 Bg4 4. Bb2 Nd7 5. c4 Ngf6 6. a3 e6 7. d3 a5 8. b5 cxb5
9. cxb5 Bd6 10. Be2 O-O 11. Nbd2 Qe7 12. h3 Bh5 13. O-O Rfd8 14. a4 e5 15. Nh4
Bxe2 16. Qxe2 g6 17. Nhf3 e4 18. dxe4 dxe4 19. Nd4 Ne5 20. Nc4 Nxc4 21. Qxc4
Qe5 22. g3 h5 23. Qe2 Qe7 24. h4 Ng4 25. Nb3 Ne5 26. Bxe5 Bxe5 27. Rac1 Rd3 28.
Nc5 Ra3 29. Rc4 f5 30. Rd1 Rd8 31. Kg2 b6 32. Rxd8+ Qxd8 33. Ne6 Qd3 34. Nd4
Ra1 35. Qxd3 exd3 36. Nf3 Bd6 37. Rd4 Bc5 38. Rd8+ Kg7 39. Ne5 Rxa4 40. Nxd3
Be7 41. Rd7 Kf8 42. Rb7 Bd8 43. Ne5 Re4 44. Nc6 Bf6 45. Rxb6 f4 46. gxf4 Ke8
47. Nxa5 Bd8 48. Rb8 Kd7 49. Nc6 Bxh4 50. Rg8 Ra4 51. Rg7+ Kd6 52. Rxg6+ Kc7
53. Rh6 Ra2 54. Rxh5 Bxf2 55. Kf3 Bg1 56. Rh1 1-0

[Event "Oberliga NRW 0203 II"]
[Site "Germany"]
[Date "2002.12.08"]
[Round "3.1"]
[White "Balashov, Yuri S"]
[Black "Wessendorf, Thomas"]
[Result "1-0"]
[WhiteElo "2526"]
[BlackElo "2332"]
[PlyCount "65"]
[EventDate "2002.10.06"]
[EventType "team"]
[EventRounds "9"]
[EventCountry "GER"]
[SourceTitle "EXT 2004"]
[Source "ChessBase"]
[SourceDate "2003.11.25"]
[SourceVersion "1"]
[SourceVersionDate "2003.11.25"]
[SourceQuality "1"]
[WhiteTeam "Plettenberg"]
[BlackTeam "Katernberg II"]
[WhiteTeamCountry "GER"]
[BlackTeamCountry "GER"]

1. Nf3 c5 2. c4 Nf6 3. Nc3 e6 4. g3 d5 5. cxd5 exd5 6. d4 Nc6 7. Bg2 Be7 8. O-O
O-O 9. b3 Ne4 10. Bb2 Bf6 11. Na4 Re8 12. Rc1 b6 13. Re1 Ba6 14. dxc5 Bxb2 15.
Nxb2 bxc5 16. Na4 c4 17. Nd2 Qa5 18. Bxe4 dxe4 19. Nxc4 Bxc4 20. Rxc4 Rad8 21.
Qc1 Nd4 22. Qc3 Qd5 23. Qe3 f5 24. Nc3 Qe5 25. Rd1 Ne6 26. Rxd8 Rxd8 27. Qxa7
h5 28. Qe7 e3 29. f4 Qd6 30. Qxd6 Rxd6 31. b4 Rd2 32. b5 Nd4 33. b6 1-0

[Event "RUS-ch 56th"]
[Site "Krasnoyarsk"]
[Date "2003.09.09"]
[Round "6"]
[White "Balashov, Yuri S"]
[Black "Beznosikov, Vladimir"]
[Result "1-0"]
[WhiteElo "2500"]
[BlackElo "2445"]
[PlyCount "85"]
[EventDate "2003.09.03"]
[EventType "swiss"]
[EventRounds "9"]
[EventCountry "RUS"]
[SourceTitle "CBM 098"]
[Source "ChessBase"]
[SourceDate "2004.02.03"]
[SourceVersion "1"]
[SourceVersionDate "2004.02.03"]
[SourceQuality "1"]

1. e4 d5 2. exd5 Nf6 3. Bb5+ Bd7 4. Be2 Nxd5 5. d4 g6 6. c4 Nf6 7. Nc3 Bg7 8.
Nf3 O-O 9. O-O c5 10. d5 Ne8 11. Be3 b6 12. Qd2 Bg4 13. Bh6 Bxf3 14. Bxf3 Nd6
15. Bxg7 Kxg7 16. Qf4 Nd7 17. Rfe1 Nf6 18. Re5 a6 19. Rae1 Ra7 20. a4 h6 21. h4
Ng8 22. Be2 f5 23. Bd3 Rf6 24. Qg3 Qf8 25. Ne2 Qf7 26. Nf4 Kh7 27. h5 g5 28.
Ng6 Kg7 29. f4 g4 30. Qe3 Rc7 31. b3 Rb7 32. Bc2 Rc7 33. Qc3 Kh7 34. Re6 Qg7
35. Qe5 Rxe6 36. dxe6 Qf6 37. Rd1 Rc6 38. Qxf6 Nxf6 39. Nxe7 Rc7 40. Nxf5 Nxf5
41. Bxf5+ Kg8 42. Rd8+ Kg7 43. Rd7+ 1-0

[Event "Tula Timashkov Memorial"]
[Site "Tula"]
[Date "2004.04.25"]
[Round "3"]
[White "Balashov, Yuri S"]
[Black "Saulin, Dmitri"]
[Result "1-0"]
[WhiteElo "2487"]
[BlackElo "2475"]
[PlyCount "51"]
[EventDate "2004.04.??"]
[EventType "tourn"]
[EventRounds "13"]
[EventCountry "RUS"]
[EventCategory "8"]
[SourceTitle "EXT 2005"]
[Source "ChessBase"]
[SourceDate "2004.11.15"]
[SourceVersion "1"]
[SourceVersionDate "2004.11.15"]
[SourceQuality "1"]

1. e4 d5 2. exd5 Nf6 3. Bb5+ Bd7 4. Be2 Nxd5 5. d4 Bf5 6. Nf3 e6 7. a3 Be7 8.
c4 Nb6 9. Nc3 O-O 10. Be3 Nc6 11. h3 Bf6 12. g4 Bg6 13. h4 e5 14. d5 e4 15. Nd2
Bxc3 16. bxc3 Ne5 17. h5 f5 18. hxg6 hxg6 19. Qb3 Nbd7 20. c5 Rf7 21. gxf5 gxf5
22. O-O-O b6 23. c6 Nc5 24. Bxc5 bxc5 25. Nc4 Rb8 26. Nxe5 1-0

[Event "Tula Timashkov Memorial"]
[Site "Tula"]
[Date "2004.04.27"]
[Round "5"]
[White "Balashov, Yuri S"]
[Black "Tishin, Petr"]
[Result "1-0"]
[WhiteElo "2487"]
[BlackElo "2477"]
[PlyCount "107"]
[EventDate "2004.04.??"]
[EventType "tourn"]
[EventRounds "13"]
[EventCountry "RUS"]
[EventCategory "8"]
[SourceTitle "EXT 2005"]
[Source "ChessBase"]
[SourceDate "2004.11.15"]
[SourceVersion "1"]
[SourceVersionDate "2004.11.15"]
[SourceQuality "1"]

1. c4 e5 2. Nc3 Nc6 3. g3 Nf6 4. Bg2 Bc5 5. e3 d5 6. cxd5 Nb4 7. d4 exd4 8.
exd4 Be7 9. Nf3 Nbxd5 10. O-O O-O 11. Ne5 c6 12. Re1 Be6 13. Bg5 h6 14. Bxf6
Bxf6 15. Ne4 Be7 16. Nc5 Bxc5 17. dxc5 Qa5 18. Qc2 Nf6 19. a3 Bd5 20. b4 Qc7
21. Bxd5 Nxd5 22. Nc4 Rfe8 23. Nd6 Rxe1+ 24. Rxe1 Qd7 25. Re5 Rd8 26. Qe2 Nc3
27. Qe1 Nd5 28. h4 b6 29. Kh2 bxc5 30. bxc5 Rb8 31. Qe2 a5 32. Kg2 Nf6 33. Re7
Qg4 34. Qxg4 Nxg4 35. Rxf7 Rb3 36. Rf4 h5 37. Ra4 Rb2 38. Ne4 Rb5 39. Rd4 Rb3
40. a4 Ra3 41. Ng5 Kf8 42. Ne6+ Kg8 43. Rd7 Rxa4 44. Rxg7+ Kh8 45. Rg5 Rc4 46.
Rxh5+ Kg8 47. Rg5+ Kh8 48. Nf4 a4 49. Rxg4 Kh7 50. Rg5 Re4 51. Rf5 Kg8 52. Nd3
a3 53. Nc1 Rc4 54. Na2 1-0

[Event "Tula Timashkov Memorial"]
[Site "Tula"]
[Date "2004.04.30"]
[Round "10"]
[White "Arzumanian, Georgy"]
[Black "Balashov, Yuri S"]
[Result "0-1"]
[WhiteElo "2416"]
[BlackElo "2487"]
[PlyCount "70"]
[EventDate "2004.04.??"]
[EventType "tourn"]
[EventRounds "13"]
[EventCountry "RUS"]
[EventCategory "8"]
[SourceTitle "EXT 2005"]
[Source "ChessBase"]
[SourceDate "2004.11.15"]
[SourceVersion "1"]
[SourceVersionDate "2004.11.15"]
[SourceQuality "1"]

1. e4 e5 2. Nf3 Nc6 3. d4 exd4 4. Nxd4 Bc5 5. Nb3 Bb6 6. Qe2 d6 7. Be3 Nf6 8.
Nc3 O-O 9. O-O-O Re8 10. f3 Bxe3+ 11. Qxe3 a5 12. Kb1 a4 13. Nc1 a3 14. b3 Qe7
15. g4 Qe5 16. Qd2 Nb4 17. g5 Nh5 18. N1e2 Bd7 19. Bg2 Qc5 20. f4 Bg4 21. h3
Bxe2 22. Nxe2 Qf2 23. Rhg1 Nd5 24. Qxd5 Qxe2 25. Rdf1 Ng3 26. Re1 Qf2 27. f5 c6
28. Qd1 d5 29. exd5 Ne2 30. Qd2 cxd5 31. Bxd5 Qc5 32. Bc4 Nxg1 33. g6 hxg6 34.
fxg6 Rxe1+ 35. Qxe1 Nf3 0-1